000 00671nam a2200265Ia 4500
005 20260302114247.0
008 008 260114s9999 xx 000 0 eng d
020 _a9781978727120
037 _aTextbook
040 _aCRL
040 _beng
040 _cCRL
041 _2eng
041 _aeng
084 _qCRL
100 _aWanda Torres Gregory
_91118242
245 0 _aSpeaking of Silence in Heidegger
260 _bBloomsbury
260 _bLexington Books
260 _c2021
650 _aPhilosophy
856 _uhttps://doi.org/10.5040/9781978727120?locatt=label:secondary_bloomsburyCollections
942 _cEBOOK
999 _c1681909
_d1681909